000
00257nam a2200109Ia 4500
999
_c
8564
_d
8564
020
_a
978-0130307545
100
_a
Lulushi, Albert
245
0
_a
Oracle Forms Developer,s Handbook
260
_a
New Jersey
_b
World Scientific
_c
2013
300
_a
159
942
_c
BK